| 000 | 00440nam a2200157Ia 4500 | ||
|---|---|---|---|
| 008 | 210210b2006 xxu||||| |||| 00| 0 eng d | ||
| 020 | _a81 7391 794 9 | ||
| 082 | _a302.3 MADT | ||
| 100 | _aMADHUSUDAN (K).Ed. | ||
| 245 | _aTraditional media and development communication. | ||
| 260 |
_aNew Delhi _bKanishka Publishers, Distributors _c2006 |
||
| 300 | _a131 | ||
| 650 | _aFolk Media | ||
| 690 | _aMass Communication | ||
| 906 | _aSG04906 | ||
| 999 |
_c115600 _d115600 |
||